Top 10 Most Used Words in Heavy Metal Band Names - Statistics

General Stats
  • This quiz has been taken 421 times
  • The average score is 4 of 10
Answer Stats
Hint Answer % Correct
2. Death
92%
1. Black
69%
4. Blood
50%
3. Dark
43%
5. Dead
39%
7. Hell
39%
9. Evil
16%
6. Hate
12%
10. Dawn
3%
8. Eternal
1%
No matching quizzes found
Score Distribution
Percent of People with Each Score
Percentile by Number Answered
Your Score History
You have not taken this quiz